[Event "Uruguay ch 2010"]
[Site "Montevideo URU"]
[Date "2010.04.13"]
[Round "4.5"]
[White "Lopez Azambuja, Nicolas"]
[Black "Donatti, Alvaro"]
[Result "0-1"]
[WhiteElo "2141"]
[BlackElo "2216"]
[PlyCount "88"]
[EventDate "2010.04.10"]
[EventType "tourn"]
[EventRounds "11"]
[EventCountry "URU"]
[EventCategory "1"]
[Source "lmi"]
[SourceDate "2010.04.10"]

1. d4 d5 2. c4 c6 3. Nf3 Nf6 4. Nc3 e6 5. Bg5 h6 6. Bh4 dxc4 7. e4 g5 8. Bg3 b5
9. Be2 Bb7 10. h4 g4 11. Ne5 h5 12. O-O Nbd7 13. Qc2 a6 14. Rad1 Nxe5 15. Bxe5
Rg8 16. Bg3 Rg7 17. e5 Nd5 18. Ne4 Qb6 19. Qd2 O-O-O 20. Qh6 Rg6 21. Qxh5 c5
22. dxc5 Bxc5 23. Nxc5 Qxc5 24. Kh2 Qc6 25. Rg1 Rdg8 26. Bxg4 Rxg4 27. Qxf7
R4g7 28. Qf3 Qe8 29. a4 Rf8 30. Qa3 Qe7 31. Qxe7 Rxe7 32. Rd4 Rg7 33. f3 Ne3
34. Bf2 Nf5 35. Rf4 Rd8 36. g4 Rd2 37. Rg2 Ne7 38. Bc5 Rxg2+ 39. Kxg2 Ng6 40.
Rf6 Nxh4+ 41. Kg3 Nxf3 42. Rxe6 Ng5 43. Re7 Ne4+ 44. Kf4 Nxc5 0-1

[Event "Uruguay ch 2010"]
[Site "Montevideo URU"]
[Date "2010.04.16"]
[Round "4.6"]
[White "Rodriguez Vila, Andres"]
[Black "Guerrero, Alvaro"]
[Result "0-1"]
[WhiteElo "2504"]
[BlackElo "2225"]
[PlyCount "76"]
[EventDate "2010.04.10"]
[EventType "tourn"]
[EventRounds "11"]
[EventCountry "URU"]
[EventCategory "1"]
[Source "lmi"]
[SourceDate "2010.04.10"]

1. e4 c6 2. d4 d5 3. e5 Bf5 4. Be2 e6 5. Nf3 Nd7 6. O-O Ne7 7. Nh4 Bg6 8. Nd2
c5 9. c3 Nc6 10. Nxg6 hxg6 11. Nf3 Be7 12. Be3 Qb6 13. Qd2 O-O 14. Bd3 Rfc8 15.
h4 Nf8 16. g3 Rc7 17. Kg2 cxd4 18. cxd4 Nb4 19. Bb1 Rac8 20. Ne1 a5 21. a3 Nc6
22. Nf3 a4 23. Bd3 Na5 24. Qe2 Nc4 25. Bf4 Rc6 26. Rab1 Qd8 27. Rh1 b5 28. Ng5
Qb6 29. Qf3 R6c7 30. Bc1 Bxg5 31. hxg5 Qxd4 32. Rh4 Qb6 33. Bf4 Nd7 34. Re1 Qa5
35. Bxg6 Qxe1 36. Bxf7+ Kf8 37. g6 Ndxe5 38. Bg5 Qg1+ 0-1

[Event "Uruguay ch 2010"]
[Site "Montevideo URU"]
[Date "2010.04.14"]
[Round "5.1"]
[White "Guerrero, Alvaro"]
[Black "Rodriguez, Santiago"]
[Result "1-0"]
[WhiteElo "2225"]
[BlackElo "2270"]
[PlyCount "101"]
[EventDate "2010.04.10"]
[EventType "tourn"]
[EventRounds "11"]
[EventCountry "URU"]
[EventCategory "1"]
[Source "lmi"]
[SourceDate "2010.04.10"]

1. d4 Nf6 2. c4 e6 3. Nc3 Bb4 4. f3 O-O 5. a3 Bxc3+ 6. bxc3 Nh5 7. Nh3 f5 8. e3
d6 9. Bd3 Nc6 10. O-O Qh4 11. Bd2 e5 12. Be1 Qe7 13. f4 e4 14. Be2 Nf6 15. Bh4
b6 16. Kh1 Na5 17. Rg1 Ba6 18. g4 Qd7 19. gxf5 Qxf5 20. Qf1 Kh8 21. Bxf6 Qxf6
22. Ng5 Rae8 23. Qh3 h6 24. d5 Bxc4 25. Bxc4 Nxc4 26. Ne6 Rf7 27. Qh5 Ree7 28.
Rg6 Qf5 29. Rg5 Qh7 30. Rg6 Nxe3 31. Nxg7 Rxg7 32. Rxh6 Qxh6 33. Qxh6+ Kg8 34.
Rg1 Rxg1+ 35. Kxg1 Rg7+ 36. Kh1 Nc4 37. Qe6+ Kh8 38. Qe8+ Rg8 39. Qxe4 b5 40.
a4 a6 41. axb5 axb5 42. Qe6 Ra8 43. Kg2 Ra2+ 44. Kh3 Ra3 45. Kh4 Ra2 46. h3 Rg2
47. Kh5 Rg7 48. Qf6 Kh7 49. Qf5+ Kg8 50. Kh6 Rf7 51. Qg5+ 1-0

[Event "Uruguay ch 2010"]
[Site "Montevideo URU"]
[Date "2010.04.14"]
[Round "5.2"]
[White "Donatti, Alvaro"]
[Black "Rodriguez Vila, Andres"]
[Result "0-1"]
[WhiteElo "2216"]
[BlackElo "2504"]
[PlyCount "84"]
[EventDate "2010.04.10"]
[EventType "tourn"]
[EventRounds "11"]
[EventCountry "URU"]
[EventCategory "1"]
[Source "lmi"]
[SourceDate "2010.04.10"]

1. e4 e5 2. Nf3 Nc6 3. Bb5 a6 4. Ba4 Nf6 5. O-O b5 6. Bb3 Bc5 7. d3 d6 8. a4
Bg4 9. h3 Bxf3 10. Qxf3 Nd4 11. Qd1 Nxb3 12. cxb3 bxa4 13. Rxa4 Qb8 14. Qc2 O-O
15. Bd2 Re8 16. Ba5 Nh5 17. Nd2 Nf4 18. Nf3 Qc8 19. Kh2 Re6 20. Bd2 Rf6 21.
Bxf4 Rxf4 22. b4 Bb6 23. Qc6 Rb8 24. Rfa1 h6 25. Rxa6 Bxf2 26. Ra8 Kh7 27. Rxb8
Qxb8 28. b5 Qd8 29. Rf1 Rxf3 30. gxf3 Qh4 31. Qd7 Qg3+ 32. Kh1 Qxf3+ 33. Kh2 g6
34. Rxf2 Qxf2+ 35. Kh1 Qe1+ 36. Kg2 Qd2+ 37. Kh1 Qc1+ 38. Kg2 Qc2+ 39. Kg1 Kg7
40. b4 h5 41. b6 Qd1+ 42. Kf2 Qd2+ 0-1

[Event "Uruguay ch 2010"]
[Site "Montevideo URU"]
[Date "2010.04.14"]
[Round "5.3"]
[White "Gonzalez, Nahuel"]
[Black "Lopez Azambuja, Nicolas"]
[Result "1/2-1/2"]
[WhiteElo "2154"]
[BlackElo "2141"]
[PlyCount "56"]
[EventDate "2010.04.10"]
[EventType "tourn"]
[EventRounds "11"]
[EventCountry "URU"]
[EventCategory "1"]
[Source "lmi"]
[SourceDate "2010.04.10"]

1. d4 Nf6 2. Bg5 e6 3. e4 h6 4. Bxf6 Qxf6 5. Nc3 d6 6. Qd2 c6 7. O-O-O Nd7 8.
f4 e5 9. fxe5 dxe5 10. Nf3 exd4 11. Nxd4 Qg5 12. Nf5 Qxd2+ 13. Rxd2 g6 14. Nd6+
Bxd6 15. Rxd6 Ke7 16. Rd2 Ne5 17. Ne2 Be6 18. Nd4 Rad8 19. Be2 Rd7 20. Rhd1
Rhd8 21. Nxe6 Kxe6 22. Rxd7 Rxd7 23. Rxd7 Kxd7 24. Kd2 Ke6 25. Ke3 f6 26. Kd4
Kd6 27. Ke3 Ke6 28. Kd4 Kd6 1/2-1/2

[Event "Uruguay ch 2010"]
[Site "Montevideo URU"]
[Date "2010.04.14"]
[Round "5.4"]
[White "Larrea, Manuel"]
[Black "Muniz, Rafael"]
[Result "1-0"]
[WhiteElo "2333"]
[BlackElo "2174"]
[PlyCount "69"]
[EventDate "2010.04.10"]
[EventType "tourn"]
[EventRounds "11"]
[EventCountry "URU"]
[EventCategory "1"]
[Source "lmi"]
[SourceDate "2010.04.10"]

1. e4 c5 2. Nc3 d6 3. Nge2 Nf6 4. d4 cxd4 5. Nxd4 a6 6. Bc4 e6 7. Bb3 Nbd7 8.
Bg5 Nc5 9. f4 h6 10. Bh4 Be7 11. Qf3 Qc7 12. f5 O-O 13. O-O Kh8 14. fxe6 fxe6
15. Nde2 g5 16. Bg3 Nxb3 17. axb3 e5 18. h4 Bg4 19. Qd3 Be6 20. hxg5 hxg5 21.
Bf2 Kg7 22. Ng3 Rh8 23. Nd5 Nxd5 24. exd5 Bd7 25. Be3 Rh4 26. Rf5 Rah8 27. Raf1
Rf4 28. Bxf4 exf4 29. Qd4+ Kg8 30. Re1 Bd8 31. Rf8+ Kxf8 32. Qxh8+ Kf7 33. Qh7+
Kf8 34. Nh5 Bb5 35. Qh8+ 1-0

[Event "Uruguay ch 2010"]
[Site "Montevideo URU"]
[Date "2010.04.14"]
[Round "5.5"]
[White "Roselli Mailhe, Bernardo"]
[Black "Izquierdo, Daniel"]
[Result "1/2-1/2"]
[WhiteElo "2386"]
[BlackElo "2276"]
[PlyCount "31"]
[EventDate "2010.04.10"]
[EventType "tourn"]
[EventRounds "11"]
[EventCountry "URU"]
[EventCategory "1"]
[Source "lmi"]
[SourceDate "2010.04.10"]

1. d4 d5 2. c4 c6 3. cxd5 cxd5 4. Nc3 Nc6 5. Nf3 Nf6 6. Bf4 Bf5 7. e3 e6 8. Bb5
Nd7 9. O-O Be7 10. Ne5 Ncxe5 11. Bxe5 O-O 12. Bxd7 Qxd7 13. Qa4 Qxa4 14. Nxa4
Rfc8 15. Rfc1 b6 16. Nc3 1/2-1/2

[Event "Uruguay ch 2010"]
[Site "Montevideo URU"]
[Date "2010.04.14"]
[Round "5.6"]
[White "Crosa Coll, Martin"]
[Black "Michailov, Matias"]
[Result "1-0"]
[WhiteElo "2398"]
[BlackElo "1993"]
[PlyCount "49"]
[EventDate "2010.04.10"]
[EventType "tourn"]
[EventRounds "11"]
[EventCountry "URU"]
[EventCategory "1"]
[Source "lmi"]
[SourceDate "2010.04.10"]

1. e4 e6 2. d3 c5 3. g3 Nc6 4. Bg2 g6 5. f4 d6 6. Nf3 Bg7 7. O-O Nge7 8. c3 O-O
9. Na3 e5 10. Be3 b6 11. f5 gxf5 12. Nh4 f4 13. gxf4 exf4 14. Bxf4 Ne5 15. Nf5
Nxf5 16. exf5 Ba6 17. Nc4 Rb8 18. Qh5 Bb7 19. Bh6 Bxh6 20. Qxh6 Kh8 21. Nxe5
dxe5 22. Be4 c4 23. Kf2 Rg8 24. Rg1 cxd3 25. Bxb7 1-0

[Event "Uruguay ch 2010"]
[Site "Montevideo URU"]
[Date "2010.04.15"]
[Round "6.2"]
[White "Izquierdo, Daniel"]
[Black "Crosa Coll, Martin"]
[Result "1-0"]
[WhiteElo "2276"]
[BlackElo "2398"]
[PlyCount "52"]
[EventDate "2010.04.10"]
[EventType "tourn"]
[EventRounds "11"]
[EventCountry "URU"]
[EventCategory "1"]
[Source "lmi"]
[SourceDate "2010.04.10"]

1. d4 g6 2. c4 Bg7 3. Nc3 d6 4. e4 e5 5. Be3 Nc6 6. Nge2 f5 7. dxe5 dxe5 8.
Qxd8+ Nxd8 9. f3 Ne6 10. O-O-O Nf6 11. exf5 gxf5 12. g3 O-O 13. Bh3 Ne8 14. b3
f4 15. gxf4 Nxf4 16. Bxc8 Nxe2+ 17. Nxe2 Rxc8 18. Rhf1 Nd6 19. Ng3 Rf7 20. Bc5
Bf8 21. Rg1 Kh8 22. Ba3 Rxf3 23. Bb2 Re8 24. Kb1 Bh6 25. c5 Nb5 26. Ne4 Be3 1-0

[Event "Uruguay ch 2010"]
[Site "Montevideo URU"]
[Date "2010.04.15"]
[Round "6.3"]
[White "Muniz, Rafael"]
[Black "Roselli Mailhe, Bernardo"]
[Result "0-1"]
[WhiteElo "2174"]
[BlackElo "2386"]
[PlyCount "64"]
[EventDate "2010.04.10"]
[EventType "tourn"]
[EventRounds "11"]
[EventCountry "URU"]
[EventCategory "1"]
[Source "lmi"]
[SourceDate "2010.04.10"]

1. d4 d5 2. Nf3 c5 3. dxc5 Qa5+ 4. c3 Qxc5 5. g3 Nf6 6. Bg2 e6 7. O-O Be7 8.
Be3 Qc7 9. Bf4 Qb6 10. Qb3 Nc6 11. Nbd2 O-O 12. Qc2 h6 13. Ne5 a5 14. Rad1 Nh5
15. Nd3 Nxf4 16. Nxf4 Rd8 17. Rfe1 Bd7 18. e4 d4 19. e5 Rac8 20. Nh5 Be8 21.
Bf1 Rd5 22. Nf3 dxc3 23. Rxd5 exd5 24. bxc3 Bc5 25. Rb1 Qc7 26. Qf5 Bd7 27. Qf4
Re8 28. Re1 Nd8 29. Bd3 Ne6 30. Qf5 Ng5 31. e6 Rxe6 32. Qxd5 Nxf3+ 0-1

[Event "Uruguay ch 2010"]
[Site "Montevideo URU"]
[Date "2010.04.15"]
[Round "6.4"]
[White "Lopez Azambuja, Nicolas"]
[Black "Larrea, Manuel"]
[Result "1/2-1/2"]
[WhiteElo "2141"]
[BlackElo "2333"]
[PlyCount "77"]
[EventDate "2010.04.10"]
[EventType "tourn"]
[EventRounds "11"]
[EventCountry "URU"]
[EventCategory "1"]
[Source "lmi"]
[SourceDate "2010.04.10"]

1. e4 c5 2. Nf3 Nc6 3. d4 cxd4 4. Nxd4 Nf6 5. Nc3 d6 6. Bg5 e6 7. Qd2 a6 8.
O-O-O Bd7 9. f3 Be7 10. Be3 h5 11. Kb1 b5 12. Bd3 Ne5 13. h3 b4 14. Nce2 d5 15.
exd5 Nxd5 16. Nf4 Nxf4 17. Bxf4 Nxd3 18. Qxd3 h4 19. Rhe1 Rh5 20. Qe4 Rc8 21.
Nxe6 Bxe6 22. Rxd8+ Rxd8 23. Be5 Rg5 24. f4 Bd5 25. Qe3 Rg3 26. Qa7 Be4 27. b3
f5 28. Qxa6 Rxg2 29. Rxe4 fxe4 30. Qc6+ Kf8 31. Qxe4 Rd1+ 32. Kb2 Rgg1 33. a4
bxa3+ 34. Ka2 Rde1 35. Qf5+ Ke8 36. Qc8+ Kf7 37. Qf5+ Ke8 38. Qc8+ Kf7 39. Qf5+
1/2-1/2

[Event "Uruguay ch 2010"]
[Site "Montevideo URU"]
[Date "2010.04.15"]
[Round "6.5"]
[White "Rodriguez Vila, Andres"]
[Black "Gonzalez, Nahuel"]
[Result "1/2-1/2"]
[WhiteElo "2504"]
[BlackElo "2154"]
[PlyCount "77"]
[EventDate "2010.04.10"]
[EventType "tourn"]
[EventRounds "11"]
[EventCountry "URU"]
[EventCategory "1"]
[Source "lmi"]
[SourceDate "2010.04.10"]

1. e4 e6 2. Qe2 c5 3. g3 Nc6 4. Bg2 g6 5. c3 Bg7 6. h4 h6 7. d3 Nge7 8. f4 d6
9. h5 e5 10. hxg6 fxg6 11. f5 gxf5 12. Qh5+ Kf8 13. Na3 Qe8 14. Qf3 Be6 15. Nh3
Kg8 16. O-O Qg6 17. Bd2 Rf8 18. Qe3 Kh7 19. Nb5 Bc8 20. Kh2 Rhg8 21. Rf3 f4 22.
gxf4 exf4 23. Nxf4 Rxf4 24. Rxf4 Be5 25. Qf2 Qh5+ 26. Kg1 Bh3 27. Rf7+ Kh8 28.
Rf8 Bh2+ 29. Kf1 Bxg2+ 30. Ke1 Rxf8 31. Qxf8+ Ng8 32. Be3 Be5 33. Kd2 Qh2 34.
Rg1 Bxe4+ 35. Kc1 Bd5 36. Rg6 Kh7 37. Qf5 Kh8 38. Qf8 Kh7 39. Qf5 1/2-1/2

[Event "Uruguay ch 2010"]
[Site "Montevideo URU"]
[Date "2010.04.15"]
[Round "6.6"]
[White "Guerrero, Alvaro"]
[Black "Donatti, Alvaro"]
[Result "1/2-1/2"]
[WhiteElo "2225"]
[BlackElo "2216"]
[PlyCount "47"]
[EventDate "2010.04.10"]
[EventType "tourn"]
[EventRounds "11"]
[EventCountry "URU"]
[EventCategory "1"]
[Source "lmi"]
[SourceDate "2010.04.10"]

1. d4 Nf6 2. c4 e6 3. Nc3 d5 4. Bg5 c6 5. e3 Nbd7 6. cxd5 exd5 7. Bd3 Be7 8.
Nf3 O-O 9. O-O Re8 10. Qc2 h6 11. Bf4 Bf8 12. h3 Qe7 13. Nd2 Nb6 14. b3 Be6 15.
Bh2 Rac8 16. Rac1 Qd7 17. a4 a5 18. Nf3 Bb4 19. Ne5 Qe7 20. Qb1 Ba3 21. Rcd1
Bb4 22. Rc1 Ba3 23. Rcd1 Bb4 24. Rc1 1/2-1/2

[Event "Uruguay ch 2010"]
[Site "Montevideo URU"]
[Date "2010.04.15"]
[Round "7.1"]
[White "Donatti, Alvaro"]
[Black "Rodriguez, Santiago"]
[Result "0-1"]
[WhiteElo "2216"]
[BlackElo "2270"]
[PlyCount "58"]
[EventDate "2010.04.10"]
[EventType "tourn"]
[EventRounds "11"]
[EventCountry "URU"]
[EventCategory "1"]
[Source "lmi"]
[SourceDate "2010.04.10"]

1. e4 c5 2. Nf3 Nc6 3. d4 cxd4 4. Nxd4 e5 5. Nb5 d6 6. N1c3 a6 7. Na3 b5 8. Nd5
Nce7 9. c4 Nxd5 10. cxd5 Nf6 11. Bd3 Be7 12. O-O O-O 13. Nc2 Bg4 14. f3 Bd7 15.
Qe2 Nh5 16. g3 g6 17. Bh6 Re8 18. Nb4 Bg5 19. Bxg5 Qxg5 20. Kh1 Rec8 21. a4
bxa4 22. Bxa6 Rc5 23. Nc6 Rxa6 24. f4 exf4 25. b4 axb3 26. Rxa6 Rc2 27. Qf3
Nxg3+ 28. Kg1 Nxf1+ 29. Kxf1 Rc1+ 0-1

[Event "Uruguay ch 2010"]
[Site "Montevideo URU"]
[Date "2010.04.15"]
[Round "7.3"]
[White "Larrea, Manuel"]
[Black "Rodriguez Vila, Andres"]
[Result "1/2-1/2"]
[WhiteElo "2333"]
[BlackElo "2504"]
[PlyCount "76"]
[EventDate "2010.04.10"]
[EventType "tourn"]
[EventRounds "11"]
[EventCountry "URU"]
[EventCategory "1"]
[Source "lmi"]
[SourceDate "2010.04.10"]

1. e4 c5 2. Nf3 a6 3. c3 d5 4. exd5 Qxd5 5. d4 Nf6 6. Nbd2 cxd4 7. Bc4 Qd6 8.
Qb3 e6 9. a4 dxc3 10. bxc3 Qc7 11. O-O Nc6 12. Bd3 Na5 13. Qc2 Bd7 14. c4 Rc8
15. Bb2 Nc6 16. Qb3 Be7 17. Rfe1 O-O 18. Rac1 Rfd8 19. Bb1 Be8 20. Qc2 Nb4 21.
Qc3 a5 22. Re4 Nbd5 23. Qc2 Nxe4 24. Qxe4 Nf6 25. Qh4 Bc6 26. Be5 Qd7 27. g4
Ne4 28. g5 f6 29. gxf6 Bxf6 30. Qh3 Bxe5 31. Nxe4 Bf4 32. Nc5 Qd6 33. Qxh7+ Kf8
34. Qh8+ Kf7 35. Qh5+ Kg8 36. Qh7+ Kf8 37. Qh8+ Kf7 38. Qh5+ Kg8 1/2-1/2

[Event "Uruguay ch 2010"]
[Site "Montevideo URU"]
[Date "2010.04.15"]
[Round "7.4"]
[White "Roselli Mailhe, Bernardo"]
[Black "Lopez Azambuja, Nicolas"]
[Result "1-0"]
[WhiteElo "2386"]
[BlackElo "2141"]
[PlyCount "117"]
[EventDate "2010.04.10"]
[EventType "tourn"]
[EventRounds "11"]
[EventCountry "URU"]
[EventCategory "1"]
[Source "lmi"]
[SourceDate "2010.04.10"]

1. d4 Nf6 2. Nf3 g6 3. c4 Bg7 4. Nc3 O-O 5. g3 d6 6. Bg2 Nc6 7. O-O a6 8. Qd3
Bf5 9. e4 Bg4 10. d5 Nb4 11. Qd2 Bxf3 12. Bxf3 a5 13. b3 e5 14. Bb2 Nd7 15. a3
Na6 16. Bd1 f5 17. exf5 gxf5 18. Bc2 Qe8 19. f4 Qh5 20. Rae1 Rae8 21. Nd1 Nac5
22. Qg2 e4 23. Bxg7 Kxg7 24. Qd2 b6 25. b4 axb4 26. axb4 Nd3 27. Bxd3 exd3 28.
Qxd3 Nf6 29. Ne3 Ne4 30. Re2 Kf7 31. Rfe1 Qf3 32. Rf1 Qh5 33. Ng2 Nc5 34. bxc5
Rxe2 35. cxb6 cxb6 36. Nh4 Ra8 37. Rf2 Ra1+ 38. Kg2 Raa2 39. Rxe2 Qxe2+ 40.
Qxe2 Rxe2+ 41. Kf3 Rxh2 42. Nxf5 Rc2 43. Nxd6+ Ke7 44. Nf5+ Kd7 45. Ne3 Rc1 46.
g4 Kd6 47. Ke4 Re1 48. g5 Rh1 49. Kd4 Rh2 50. Nf5+ Kd7 51. Ke4 Rc2 52. Ne3 Rh2
53. Ng4 Rc2 54. Kd3 Rg2 55. Nf6+ Kd6 56. Nxh7 Kc5 57. f5 Rg3+ 58. Ke4 Kxc4 59.
f6 1-0

[Event "Uruguay ch 2010"]
[Site "Montevideo URU"]
[Date "2010.04.15"]
[Round "7.5"]
[White "Crosa Coll, Martin"]
[Black "Muniz, Rafael"]
[Result "0-1"]
[WhiteElo "2398"]
[BlackElo "2174"]
[PlyCount "68"]
[EventDate "2010.04.10"]
[EventType "tourn"]
[EventRounds "11"]
[EventCountry "URU"]
[EventCategory "1"]
[Source "lmi"]
[SourceDate "2010.04.10"]

1. g3 c5 2. Bg2 Nf6 3. e4 d6 4. d3 g6 5. f4 Nc6 6. Nf3 Bg7 7. O-O O-O 8. h3 Rb8
9. g4 b5 10. f5 Bb7 11. Qe1 Nd4 12. Nxd4 cxd4 13. Bf3 Qc7 14. Na3 a6 15. Bg5
Rbe8 16. h4 Nd7 17. h5 Ne5 18. Qh4 f6 19. hxg6 hxg6 20. Bd2 Kf7 21. g5 Rh8 22.
fxg6+ Nxg6 23. Qf2 Reg8 24. Bg2 Ke8 25. c3 d5 26. Bf3 Ne5 27. Bf4 Bh6 28. Bg2
Bxg5 29. cxd4 Bxf4 30. Qxf4 Rg4 31. Rac1 Qb6 32. Qe3 Rhg8 33. Rf2 Rg3 34. Qh6
Qxd4 0-1

[Event "Uruguay ch 2010"]
[Site "Montevideo URU"]
[Date "2010.04.15"]
[Round "8.1"]
[White "Rodriguez, Santiago"]
[Black "Izquierdo, Daniel"]
[Result "1/2-1/2"]
[WhiteElo "2270"]
[BlackElo "2276"]
[PlyCount "28"]
[EventDate "2010.04.10"]
[EventType "tourn"]
[EventRounds "11"]
[EventCountry "URU"]
[EventCategory "1"]
[Source "lmi"]
[SourceDate "2010.04.10"]

1. d4 d5 2. Nf3 Nf6 3. Bf4 Bf5 4. c4 c6 5. Qb3 Qb6 6. c5 Qxb3 7. axb3 Bxb1 8.
Rxb1 Nbd7 9. h3 e6 10. e3 Rc8 11. b4 a6 12. Nd2 Be7 13. Bd3 Bd8 14. O-O Bc7
1/2-1/2

[Event "Uruguay ch 2010"]
[Site "Montevideo URU"]
[Date "2010.04.15"]
[Round "8.2"]
[White "Muniz, Rafael"]
[Black "Michailov, Matias"]
[Result "0-1"]
[WhiteElo "2174"]
[BlackElo "1993"]
[PlyCount "100"]
[EventDate "2010.04.10"]
[EventType "tourn"]
[EventRounds "11"]
[EventCountry "URU"]
[EventCategory "1"]
[Source "lmi"]
[SourceDate "2010.04.10"]

1. d4 Nf6 2. Nf3 e6 3. Nc3 d5 4. Bg5 Bb4 5. a3 Bxc3+ 6. bxc3 c5 7. Bxf6 gxf6 8.
g3 cxd4 9. cxd4 Qa5+ 10. Qd2 Qxd2+ 11. Nxd2 Nc6 12. e3 e5 13. c3 Be6 14. Bg2
Ke7 15. Rb1 Rab8 16. Rb5 exd4 17. cxd4 Rhc8 18. O-O Kd6 19. Rfb1 b6 20. a4 Ne7
21. a5 Rc2 22. Nf3 Kc7 23. Ne1 Rc3 24. Bf1 Nc6 25. a6 Bf5 26. Rd1 Kd6 27. Nd3
Ne7 28. Nf4 Rbc8 29. Be2 Rc1 30. Rxc1 Rxc1+ 31. Kg2 Ra1 32. Bf3 Rxa6 33. Bxd5
Bd7 34. Bc4 Bxb5 35. Bxb5 Ra2 36. Bc4 Rc2 37. Bxf7 a5 38. Nh5 a4 39. Nxf6 a3
40. Ne8+ Kd7 41. Nf6+ Kd8 42. Nxh7 a2 43. Bxa2 Rxa2 44. Nf6 b5 45. Ne4 Rc2 46.
Nd6 b4 47. Nb7+ Kd7 48. Na5 Rc3 49. h4 Nc6 50. Nb7 b3 0-1

[Event "Uruguay ch 2010"]
[Site "Montevideo URU"]
[Date "2010.04.15"]
[Round "8.3"]
[White "Lopez Azambuja, Nicolas"]
[Black "Crosa Coll, Martin"]
[Result "0-1"]
[WhiteElo "2141"]
[BlackElo "2398"]
[PlyCount "88"]
[EventDate "2010.04.10"]
[EventType "tourn"]
[EventRounds "11"]
[EventCountry "URU"]
[EventCategory "1"]
[Source "lmi"]
[SourceDate "2010.04.10"]

1. e4 g6 2. d4 Bg7 3. c4 d6 4. Nf3 Nf6 5. Nc3 O-O 6. Be2 Bg4 7. Be3 Nfd7 8. Rc1
c5 9. d5 Na6 10. O-O Re8 11. h3 Bxf3 12. Bxf3 Nc7 13. Be2 e6 14. Qd2 exd5 15.
exd5 f5 16. Rfe1 Nf6 17. Bf3 Rb8 18. Bf4 Qd7 19. Rxe8+ Rxe8 20. Re1 a6 21. a4
b6 22. Rb1 Qe7 23. Kf1 Nd7 24. Bg5 Qf8 25. h4 Ne5 26. Be2 Nf7 27. Be3 Qe7 28.
g3 Be5 29. Bf3 Bxg3 30. fxg3 Qxe3 31. Qxe3 Rxe3 32. Kf2 Re7 33. b4 Ne5 34. bxc5
Nd3+ 35. Kg2 bxc5 36. Rb6 Rd7 37. a5 Kf7 38. Nb5 axb5 39. cxb5 Ne1+ 40. Kf2
Nxf3 41. Kxf3 Nxd5 42. Rb8 c4 43. a6 c3 44. Rc8 Rc7 0-1

[Event "Uruguay ch 2010"]
[Site "Montevideo URU"]
[Date "2010.04.15"]
[Round "8.4"]
[White "Rodriguez Vila, Andres"]
[Black "Roselli Mailhe, Bernardo"]
[Result "1-0"]
[WhiteElo "2504"]
[BlackElo "2386"]
[PlyCount "53"]
[EventDate "2010.04.10"]
[EventType "tourn"]
[EventRounds "11"]
[EventCountry "URU"]
[EventCategory "1"]
[Source "lmi"]
[SourceDate "2010.04.10"]

1. d4 d5 2. c4 e6 3. Nc3 Nf6 4. cxd5 exd5 5. Bg5 Be7 6. e3 c6 7. Bd3 O-O 8. Qc2
Nbd7 9. Nge2 Re8 10. O-O Nf8 11. f3 Nh5 12. Bxe7 Qxe7 13. e4 dxe4 14. fxe4 Qg5
15. e5 f6 16. Ne4 Qe3+ 17. Kh1 Bg4 18. Qb3+ Kh8 19. Nd6 Re7 20. Rae1 Qd2 21.
Qa3 Rc7 22. Bc4 b5 23. h3 Bxe2 24. Bxe2 Qg5 25. Bxh5 Qxh5 26. e6 Ng6 27. Rf5
1-0

[Event "Uruguay ch 2010"]
[Site "Montevideo URU"]
[Date "2010.04.15"]
[Round "8.5"]
[White "Guerrero, Alvaro"]
[Black "Larrea, Manuel"]
[Result "1/2-1/2"]
[WhiteElo "2225"]
[BlackElo "2333"]
[PlyCount "82"]
[EventDate "2010.04.10"]
[EventType "tourn"]
[EventRounds "11"]
[EventCountry "URU"]
[EventCategory "1"]
[Source "lmi"]
[SourceDate "2010.04.10"]

1. d4 Nf6 2. c4 e6 3. Nc3 Bb4 4. f3 Nc6 5. a3 Bxc3+ 6. bxc3 b6 7. e4 Ba6 8. Bg5
Na5 9. Qa4 h6 10. Bh4 Kf8 11. e5 g5 12. Bf2 Nh5 13. h4 Kg7 14. g3 f6 15. exf6+
Nxf6 16. hxg5 hxg5 17. Rxh8 Kxh8 18. Be3 Nh7 19. Ra2 Qe7 20. Rh2 Rg8 21. Bd3
Rg7 22. Rh5 Kg8 23. Bxh7+ Rxh7 24. Rxg5+ Rg7 25. Nh3 Bxc4 26. Rxa5 bxa5 27.
Qxc4 Rxg3 28. Ng1 Qxa3 29. Kf2 Rg7 30. Qxc7 a4 31. Ne2 Qe7 32. Qb8+ Kh7 33.
Qh2+ Kg8 34. Bf4 Rh7 35. Qg3+ Rg7 36. Bd6 Qf7 37. Qh4 Qg6 38. Qd8+ Kh7 39. Qh4+
Kg8 40. Qd8+ Kh7 41. Qh4+ Kg8 1/2-1/2

[Event "Uruguay ch 2010"]
[Site "Montevideo URU"]
[Date "2010.04.15"]
[Round "8.6"]
[White "Donatti, Alvaro"]
[Black "Gonzalez, Nahuel"]
[Result "1-0"]
[WhiteElo "2216"]
[BlackElo "2154"]
[PlyCount "115"]
[EventDate "2010.04.10"]
[EventType "tourn"]
[EventRounds "11"]
[EventCountry "URU"]
[EventCategory "1"]
[Source "lmi"]
[SourceDate "2010.04.10"]

1. c4 e5 2. g3 Nf6 3. Bg2 Nc6 4. e4 Bc5 5. Nc3 d6 6. Nge2 Be6 7. Nd5 Nd4 8.
Nxd4 Bxd4 9. d3 c6 10. Ne3 Qd7 11. Rb1 Bh3 12. Bf3 O-O 13. Rg1 Bxe3 14. Bxe3
Ng4 15. Bxg4 Bxg4 16. f3 Be6 17. g4 d5 18. b3 Rfd8 19. Ke2 Qe7 20. Qc2 Rd7 21.
Rbd1 Qh4 22. Bf2 Qxh2 23. cxd5 cxd5 24. Rc1 dxe4 25. dxe4 Rad8 26. Rcd1 Qf4 27.
Be3 Qh2+ 28. Bf2 Rd4 29. Qc7 Rd2+ 30. Rxd2 Rxd2+ 31. Kxd2 Qxf2+ 32. Kc3 Qxf3+
33. Kb2 h6 34. Rc1 Qxe4 35. Qb8+ Kh7 36. Qxa7 b5 37. Qc5 b4 38. a4 bxa3+ 39.
Kxa3 Bxg4 40. b4 Qa8+ 41. Kb2 Be6 42. b5 Qa2+ 43. Kc3 Qb3+ 44. Kd2 e4 45. Rc3
Qa2+ 46. Rc2 Qa5+ 47. Rc3 Qd8+ 48. Kc1 f5 49. b6 f4 50. b7 e3 51. Rc2 Qb8 52.
Qc7 e2 53. Kd2 Qa7 54. b8=Q Qf2 55. Qxg7+ Kxg7 56. Qe5+ Kf7 57. Rc7+ Kg6 58.
Rg7# 1-0

[Event "Uruguay ch 2010"]
[Site "Montevideo URU"]
[Date "2010.04.16"]
[Round "9.2"]
[White "Izquierdo, Daniel"]
[Black "Muniz, Rafael"]
[Result "0-1"]
[WhiteElo "2276"]
[BlackElo "2174"]
[PlyCount "150"]
[EventDate "2010.04.10"]
[EventType "tourn"]
[EventRounds "11"]
[EventCountry "URU"]
[EventCategory "1"]
[Source "lmi"]
[SourceDate "2010.04.10"]

1. d4 Nf6 2. c4 e6 3. Nf3 c5 4. e3 b6 5. Nc3 Bb7 6. Bd3 Be7 7. O-O O-O 8. b3 d6
9. Bb2 a6 10. Qe2 Nbd7 11. Rfd1 Qc7 12. Rac1 Rac8 13. a4 Rfe8 14. d5 e5 15. Rf1
Bf8 16. Bf5 g6 17. Bh3 Rb8 18. g3 Bg7 19. Nd2 Bc8 20. f4 exf4 21. gxf4 Nh5 22.
Kh1 Ndf6 23. Qf3 Bxh3 24. Qxh3 Re7 25. Rf3 Rbe8 26. Rcf1 Qd7 27. Qxd7 Nxd7 28.
e4 Bd4 29. Nd1 Bxb2 30. Nxb2 Nhf6 31. e5 dxe5 32. fxe5 Rxe5 33. Nd3 Re2 34.
R1f2 Ng4 35. Rxe2 Rxe2 36. Nf1 Nde5 37. Nxe5 Rxe5 38. Kg1 f5 39. d6 Nf6 40. Rd3
Nd7 41. Ne3 Kf7 42. Nd5 Re8 43. Nc7 Re4 44. Nxa6 h5 45. a5 bxa5 46. Nxc5 Nxc5
47. d7 Nxd7 48. Rxd7+ Re7 49. Rd5 Rb7 50. Rxa5 Rxb3 51. Ra6 Rc3 52. Rc6 h4 53.
Kg2 h3+ 54. Kf2 g5 55. c5 g4 56. Rh6 Rxc5 57. Kg3 Rc4 58. Ra6 Re4 59. Kh4 Re6
60. Ra2 Kf6 61. Kg3 Kg5 62. Kf2 Rb6 63. Ra1 f4 64. Ra8 Rb2+ 65. Kg1 Kf5 66.
Ra5+ Ke4 67. Ra1 g3 68. hxg3 fxg3 69. Ra4+ Kd5 70. Ra1 Ke4 71. Rf1 Rg2+ 72. Kh1
Rf2 73. Ra1 Kf3 74. Kg1 Rb2 75. Ra8 h2+ 0-1